<?xml version='1.0' encoding='UTF-8'?>
  <record xmlns="http://www.loc.gov/MARC21/slim">
    <leader>00000nem a2200000 i 4500</leader>
    <controlfield tag="001">ocn980447728</controlfield>
    <controlfield tag="003">OCoLC</controlfield>
    <controlfield tag="005">20240924015828.6</controlfield>
    <controlfield tag="008">110210s1743    ne        u     0   lat d</controlfield>
    <datafield tag="040" ind1=" " ind2=" ">
      <subfield code="a">QGJ</subfield>
      <subfield code="b">dut</subfield>
      <subfield code="c">QGJ</subfield>
      <subfield code="d">OCLCL</subfield>
      <subfield code="d">OCLCQ</subfield>
    </datafield>
    <datafield tag="035" ind1=" " ind2=" ">
      <subfield code="a">(OCoLC)980447728</subfield>
    </datafield>
    <datafield tag="041" ind1=" " ind2=" ">
      <subfield code="a">lat</subfield>
    </datafield>
    <datafield tag="100" ind1="1" ind2=" ">
      <subfield code="a">Back, Gerbrand Nicolaas.</subfield>
    </datafield>
    <datafield tag="245" ind1="1" ind2="0">
      <subfield code="a">Gerbrandi Nicolai Back ... Schema astronomicum de transitu Mercurii sub sole d. IV novembr. anno MDCCXLIII. temp. astron. universae Europae expectando. ex tabulis Ludovicianis juxta ultimas hujusce sideris observationes correctis.</subfield>
    </datafield>
    <datafield tag="264" ind1=" " ind2="1">
      <subfield code="a">Trajecti ad Rhenum :</subfield>
      <subfield code="b">apud Matthaeum Visch, Bibliopolam,</subfield>
      <subfield code="c">[1743]</subfield>
    </datafield>
    <datafield tag="300" ind1=" " ind2=" ">
      <subfield code="a">1 plano :</subfield>
      <subfield code="b">koperdiepdruk, met zetsel ;</subfield>
      <subfield code="c">57 x 41 cm</subfield>
    </datafield>
    <datafield tag="336" ind1=" " ind2=" ">
      <subfield code="a">cartografische afbeelding</subfield>
      <subfield code="b">cri</subfield>
      <subfield code="2">rdacontent/dut</subfield>
    </datafield>
    <datafield tag="337" ind1=" " ind2=" ">
      <subfield code="a">zonder medium</subfield>
      <subfield code="b">n</subfield>
      <subfield code="2">rdamedia/dut</subfield>
    </datafield>
    <datafield tag="338" ind1=" " ind2=" ">
      <subfield code="a">vel</subfield>
      <subfield code="b">nb</subfield>
      <subfield code="2">rdacarrier/dut</subfield>
    </datafield>
    <datafield tag="500" ind1=" " ind2=" ">
      <subfield code="a">Mercuriusovergang van 5 november 1743, opgesteld in het Latijn met de tijden berekend voor de meridianen van Leiden, Utrecht, Harderwijk, Groningen, Franeker, Cambridge, Amsterdam, Londen, Berlijn, Parijs, Wenen en Rotterdam. In de titel en verder in het pamflet wordt de datum steeds als 4 november in plaats van 5 november opgegeven als gevolg van het feit dat Back de astronomische dagtelling hanteert, waarbij de nieuwe dag niet om middernacht (zoals nu gebruikelijk is) maar bij het middaguur (12 uur) ingaat.</subfield>
    </datafield>
    <datafield tag="650" ind1=" " ind2="7">
      <subfield code="a">Zon.</subfield>
      <subfield code="0">(NL-LeOCL)078968712.</subfield>
      <subfield code="2">gtt</subfield>
    </datafield>
    <datafield tag="650" ind1=" " ind2="7">
      <subfield code="a">Mercurius (planeet)</subfield>
      <subfield code="0">(NL-LeOCL)078588383.</subfield>
      <subfield code="2">gtt</subfield>
    </datafield>
    <datafield tag="740" ind1="0" ind2=" ">
      <subfield code="a">Schema astronomicum de transitu Mercurii sub sole d. IV novembr. anno MDCCXLIII. temp. astron. universae Europae expectando. ex tabulis Ludovicianis juxta ultimas hujusce sideris observationes correctis.</subfield>
    </datafield>
    <datafield tag="758" ind1=" " ind2=" ">
      <subfield code="a">Gerbrandi Nicolai Back ... Schema astronomicum de transitu Mercurii sub sole d. IV novembr. anno MDCCXLIII. temp. astron. universae Europae expectando. ex tabulis Ludovicianis juxta ultimas hujusce sideris observationes correctis (CartographicMaterial)</subfield>
      <subfield code="1">https://id.oclc.org/worldcat/entity/E39PD3CVTjB7gQcYt7F7HHP373</subfield>
      <subfield code="4">https://id.oclc.org/worldcat/ontology/hasWork</subfield>
    </datafield>
    <datafield tag="856" ind1="4" ind2="1">
      <subfield code="u">http://objects.library.uu.nl/reader/resolver.php?obj=002336516&amp;type=2</subfield>
      <subfield code="x">Online</subfield>
      <subfield code="z">Map</subfield>
    </datafield>
    <datafield tag="936" ind1=" " ind2=" ">
      <subfield code="a">BATCHLOAD</subfield>
    </datafield>
  </record>